01252 a2200157 45000010006000000050017000060080041000230030015000640400040000790800117001192450099002362640036003353000019003715050683003901000021010735339620260407155809.0260407a1970 arg spa dAR-UNSa-BCEJYS aAR-UNSa-BCEJYSbspacAR-UNSa-BCEJYS a338.2xPolítica económica. Control de la economía. Gestión de la economía. Planificación económica10aCapitalismo, socialismo de mercado y planificación centralpEstudios de economía comparada 1aBarcelona :bGustavo Gilic1970 a462 p.c21 cm. a1. Introducción - 2. Asignación de recursos:El capitalismo - 3. Asignación de recursos:Socialismo de mercado - 4. Asignación de recursos:Planificación central - 5. La planificación y el mecanismo del precio- 6. La inversión y la tasa de interés - 7. Distribución de la renta: Capitalismo - 8. Distribución de la renta: Socialismo de mercado y planificación central - 9. Sistemas agrícolas - 10. El dinero y la planificación finnaciera en la economía socialista - 11. La planificación y el comercio internacional - 12. Sistemas alternativos y desarrollo económico - 13. Organización y dirección - 14. La planificación en una economía mixta1 aLeeman, Wayne A.